Proyecto de Ley del Registro de Contratos Privados / (Record no. 151868)

MARC details
000 -LEADER
campo de control de longitud fija 00641nam a2200169 i 4500
001 - NÚMERO DE CONTROL
campo de control 151868
003 - IDENTIFICADOR DE NÚMERO DE CONTROL
campo de control ES-MaACL
005 - FECHA Y HORA DE LA ÚLTIMA TRANSACCIÓN
campo de control 20250809060036.0
008 - DATOS DE LONGITUD FIJA--INFORMACIÓN GENERAL
campo de control de longitud fija 931025s1894 sp |||| | spa d
100 1# - ENTRADA PRINCIPAL--NOMBRE DE PERSONA
Nombre de persona Benito y Varela, Pedro de
9 (RLIN) 27700
245 10 - MENCIÓN DEL TÍTULO
Título Proyecto de Ley del Registro de Contratos Privados /
Mención de responsabilidad, etc. por Pedro de Benito y Varela.
260 ## - PUBLICACIÓN, DISTRIBUCIÓN, ETC.
Lugar de publicación, distribución, etc. Madrid :
Nombre del editor, distribuidor, etc. [s.n.],
Fecha de publicación, distribución, etc. 1894 (
Fabricante Imp. de la Viuda M. Minuesa de los Rios)
300 ## - DESCRIPCIÓN FÍSICA
Extensión 22 p. ;
Dimensiones 20 cm.
650 #7 - PUNTO DE ACCESO ADICIONAL DE MATERIA--TÉRMINO DE MATERIA
Término de materia o nombre geográfico como elemento de entrada Contratos
Fuente del encabezamiento o término embne
9 (RLIN) 11326
852 ## - LOCALIZACIÓN
Ubicación ES-MaACL
Número de control de estantería T-874-F-3
Nota libre -- Enc. hol.
-- -- Enc. en un vol. facticio
-- .- Ded. manuscrita del autor
Holdings
Estatus retirado Estado de pérdida Fuente del sistema de clasificación o colocación Estado de daño No para préstamo Colección Biblioteca de origen Biblioteca actual Ubicación en estantería Fecha de adquisición Total de préstamos Signatura topográfica completa Código de barras Visto por última vez Precio de reemplazo Tipo de ítem Koha Nota pública
    Clasificación decimal universal     Colección de folletos Biblioteca del Ateneo de Madrid Biblioteca del Ateneo de Madrid Depósito folletos 17/01/2008   T-874-F-3 1158512 23/02/2023 23/02/2023 Folleto Dedicatoria autógrafa del autor